Plant biotechnology current and future applications of genetically...

Plant Biotechnology: Current and Future Uses of Genetically Modified Crops covers in detail the development, use and regulation of GM crops. Split into three sections, Part 1 introduces GM crops and describes the GM crops that are used commercially. Part 2 looks at new developments and methodologies...

ver descrição completa

Na minha lista:
Detalhes bibliográficos
Formato: Livro
Idioma:Undetermined
Publicado em: Chichester, England ; Hoboken, NJ J. Wiley 2006
Assuntos:
Tags: Adicionar Tag
Sem tags, seja o primeiro a adicionar uma tag!
Thư viện lưu trữ: Trung tâm Học liệu Trường Đại học Cần Thơ
LEADER 01264nam a2200217Ia 4500
001 CTU_133044
008 210402s9999 xx 000 0 und d
020 |c 2268000 
082 |a 631.5233 
082 |b P713 
245 0 |a Plant biotechnology 
245 0 |b current and future applications of genetically... 
260 |a Chichester, England ; Hoboken, NJ 
260 |b J. Wiley 
260 |c 2006 
520 |a Plant Biotechnology: Current and Future Uses of Genetically Modified Crops covers in detail the development, use and regulation of GM crops. Split into three sections, Part 1 introduces GM crops and describes the GM crops that are used commercially. Part 2 looks at new developments and methodologies in areas including potential applications of GM crops for the production of vaccines, enhanced nutritional value of GM food, and engineering resistance to fungal pathogens. Part 3 concludes by considering the key issues of safety and legislation, including allergenicity, environmental impacts, risk assessment and labelling. 
526 |a Cơ sở công nghệ sinh học 
526 |b CSS601 
650 |a Plant biotechnology,Di truyền nông nghiệp 
904 |i Năm 
980 |a Trung tâm Học liệu Trường Đại học Cần Thơ